Vista normal
Vista MARC
Entrada Materia (geográfica)
Número de registros utilizados en: 3
001 - CONTROL NUMBER
- control field: 41579
003 - CONTROL NUMBER IDENTIFIER
- control field: Co-BoUCM
005 - DATE AND TIME OF LATEST TRANSACTION
- control field: 20130725151636.0
008 - FIXED-LENGTH DATA ELEMENTS
- fixed length control field: 130725|| aca||aabn | a|a d
040 ## - CATALOGING SOURCE
- Original cataloging agency: Co-BoUCM
- Transcribing agency: Co-BoUCM
151 ## - HEADING--GEOGRAPHIC NAME
- Geographic name: Francia
- General subdivision: Legislación
670 ## - SOURCE DATA FOUND
- Source citation: Work cat.: (Co-BoUCM)0: Mourlon, Frédéric, 1811-1866 41577, Répétitions écrites sur le Code civil, , 1884-1885